000 00756nam a2200229 a 4500
001 000042847
005 20240226141826.0
008 140211s1984 sp 000 0 spa d
020 _a8475307698
040 _aDO-SdBNP
_bspa
_cBNPHU
041 1 7 _aspa
_heng
082 _axxx
_bxxx
100 1 _aVerne, Julio,
_d1828-1905
_91073
240 1 0 _aCinq semaines en ballon
_lEspañol
245 1 0 _aCinco semanas en globo /
_cJulio Verne ; traductor E. M.
260 _aBarcelona :
_bEdiciones Orbis,
_c1984.
300 _a281 p. ;
_c20 cm.
490 1 _aLa grandes novelas de aventuras
_v12
500 _aIncluye referencias bibliográficas y notas al pie de las páginas
700 1 2 _aE. M.
_etr.
_970232
830 0 _aLa grandes novelas de aventuras
_n12
_970233
999 _c42336
_d42336